| 000 | 00615cam a22001937a 4500 | ||
|---|---|---|---|
| 001 | 000015786 | ||
| 005 | 20200929164143.0 | ||
| 008 | 900425s1987 cs |||||000 0|spa | ||
| 010 | _a90148733 | ||
| 035 | _a(WaOLN) 90148733 | ||
| 035 | _a(WaOLN)6482909 | ||
| 040 |
_aDO-SdBNP _cDLC |
||
| 050 | 0 | 0 | _aMLCS 97/06737 (P) |
| 100 | 2 |
_aGarcia Luis, Julio. _935533 |
|
| 245 | 1 | 0 |
_aGeneros de opinion : _bapuntes y sugerencias sobre el articulo periodistico / _cJulio Garcia Luis. |
| 260 |
_aPraga : _bOrganizacion Internacional de Periodistas, _c1987. |
||
| 300 |
_a149 p. ; _c21 cm. |
||
| 910 | _aCatalogación derivada | ||
| 999 |
_c15333 _d15333 |
||